Is It An Eponym? - Statistics

General Stats
  • This quiz has been taken 23 times
  • The average score is 9 of 20
Answer Stats
Question Answer % Correct
Voltage Eponym
100%
Jacuzzi Eponym
75%
Macadamia Eponym
75%
Stenography Not an eponym
75%
Sniper Not an eponym
75%
Cyrillic Eponym
50%
Sideburns Eponym
50%
Shrapnel Eponym
50%
Insurgent Not an eponym
50%
Sashimi Not an eponym
50%
Ballerina Not an eponym
50%
Delaware Eponym
25%
Dunce Eponym
25%
Saxophone Eponym
25%
Filibuster Not an eponym
25%
Polemic Not an eponym
25%
Camomile Not an eponym
25%
Sadomasochism Eponym
0%
Heroin Not an eponym
0%
Romaine Not an eponym
0%
No matching quizzes found
Score Distribution
Percent of People with Each Score
Percentile by Number Answered
Your Score History
You have not taken this quiz